Turkish Süper Lig by Badge - Statistics

General Stats
  • This quiz has been taken 86 times
  • The average score is 16 of 18
Answer Stats
Picture Answer % Correct
Fenerbahçe
100%
Galatasaray
100%
Trabzonspor
100%
Beşiktaş JK
99%
İstanbul Başakşehir
96%
Konyaspor
93%
Antalyaspor
91%
Göztepe
90%
Kasımpaşa
90%
Alanyaspor
89%
Samsunspor
87%
Gaziantep FK
83%
Kayserispor
83%
Çaykur Rizespor
81%
Eyüpspor
80%
Gençlerbirliği
79%
Kocaelispor
70%
Fatih Karagümrük
67%
No matching quizzes found
Score Distribution
Percent of People with Each Score
Percentile by Number Answered
Your Score History
You have not taken this quiz